[Event "10th Rector Cup"]
[Site "Kharkiv"]
[Date "2008.02.27"]
[Round "1"]
[White "Hadzimanolis, A."]
[Black "Firman, N."]
[Result "0-1"]
[WhiteElo "2329"]
[BlackElo "2501"]
[PlyCount "98"]
[EventDate "2008.02.27"]
[SourceDate "2008.02.27"]

1. e4 g6 2. d4 Bg7 3. Nc3 d6 4. Be3 Nd7 5. Qd2 a6 6. Nf3 b5 7. Bd3 Bb7 8. O-O
Ngf6 9. Bh6 Bxh6 10. Qxh6 b4 11. Nd5 Nxd5 12. exd5 Bxd5 13. Qg7 Rf8 14. Ng5 Nf6
15. Nxh7 Nxh7 16. Qxh7 e6 17. Qh3 Qf6 18. Qe3 Rh8 19. a3 Rb8 20. Bxa6 Rh4 21.
c4 bxc3 22. bxc3 Ke7 23. c4 Rbh8 24. h3 Rxh3 25. gxh3 Bf3 26. Bb7 Bxb7 27. d5
Bc8 28. f4 Kf8 29. Rab1 exd5 30. Rb8 Kg7 31. cxd5 Rxh3 32. Qf2 Qf5 33. Qd4+ f6
34. Rf2 Rd3 35. Qxd3 Qxd3 36. Rxc8 Qg3+ 37. Rg2 Qe3+ 38. Rf2 Qc5 39. Kf1 Qc4+
40. Kg1 f5 41. a4 Kf6 42. a5 Qxd5 43. Rxc7 Qxa5 44. Rfc2 Qe1+ 45. Kg2 Qe4+ 46.
Kg3 Qe3+ 47. Kg2 Qxf4 48. R7c4 Qe3 49. Rc6 Qd3 0-1

[Event "10th Rector Cup"]
[Site "Kharkiv"]
[Date "2008.02.27"]
[Round "1"]
[White "Simonian, H."]
[Black "Kharchenko, B."]
[Result "1/2-1/2"]
[WhiteElo "2435"]
[BlackElo "2440"]
[PlyCount "87"]
[EventDate "2008.02.27"]
[SourceDate "2008.02.27"]

1. e4 e5 2. Nf3 Nc6 3. Bb5 a6 4. Bxc6 dxc6 5. Nc3 Qd6 6. d4 exd4 7. Qxd4 Qxd4
8. Nxd4 Bd7 9. Be3 O-O-O 10. O-O-O g6 11. Nde2 b6 12. Rd2 Bg7 13. Rhd1 Ne7 14.
f4 c5 15. e5 Bc6 16. Rxd8+ Rxd8 17. Rxd8+ Kxd8 18. g3 Kd7 19. Nd1 Ke6 20. Kd2
f6 21. exf6 Bxf6 22. b3 Nf5 23. Nf2 Nd4 24. Kd3 Nxe2 25. Kxe2 h5 26. h3 Bg2 27.
Kd3 Bf1+ 28. Ke4 c4 29. Bd4 Bg2+ 30. Ke3 Bxd4+ 31. Kxd4 cxb3 32. cxb3 c5+ 33.
Ke3 Kd5 34. h4 a5 35. g4 hxg4 36. Nxg4 Bh3 37. Ne5 Bf5 38. Nc4 Kc6 39. Kd2 Be4
40. Kc3 Bf5 41. a4 Be4 42. Ne5+ Kd6 43. Nc4+ Kc6 44. Ne5+ 1/2-1/2

[Event "10th Rector Cup"]
[Site "Kharkiv"]
[Date "2008.02.27"]
[Round "1"]
[White "Khakimov, T."]
[Black "Aveskulov, V."]
[Result "0-1"]
[WhiteElo "2380"]
[BlackElo "2532"]
[PlyCount "90"]
[EventDate "2008.02.27"]
[SourceDate "2008.02.27"]

1. d4 Nf6 2. Nf3 c5 3. c3 e6 4. Bf4 Be7 5. Nbd2 cxd4 6. cxd4 Nc6 7. e3 Nh5 8.
Be5 d6 9. Bg3 O-O 10. Bd3 g6 11. O-O Bd7 12. Nc4 Nxg3 13. hxg3 Rc8 14. a3 b5
15. Ncd2 b4 16. Nc4 bxa3 17. bxa3 Na5 18. Nfd2 Rb8 19. Nxa5 Qxa5 20. Nc4 Qa4
21. Qxa4 Bxa4 22. Rab1 d5 23. Na5 Rb6 24. Rbc1 Bd6 25. Rc3 Rfb8 26. Rfc1 Kg7
27. e4 dxe4 28. Bxe4 Bb5 29. Nc6 Bxc6 30. Bxc6 Rb3 31. a4 Rxc3 32. Rxc3 Rb1+
33. Kh2 Rb2 34. Kg1 Rb1+ 35. Kh2 a5 36. Bb5 Rd1 37. Rd3 Rc1 38. f4 Kf6 39. Re3
h5 40. Rd3 Kf5 41. d5 e5 42. fxe5 Kxe5 43. Be8 h4 44. Bxf7 hxg3+ 45. Kh3 Kf5
0-1

[Event "10th Rector Cup"]
[Site "Kharkiv"]
[Date "2008.02.28"]
[Round "2"]
[White "Brodsky, M."]
[Black "Khakimov, T."]
[Result "1-0"]
[WhiteElo "2572"]
[BlackElo "2380"]
[PlyCount "95"]
[EventDate "2008.02.27"]
[SourceDate "2008.02.27"]

1. d4 d5 2. c4 e6 3. Nc3 c5 4. cxd5 exd5 5. Nf3 Nc6 6. g3 Nf6 7. Bg2 Be7 8. O-O
O-O 9. Bg5 cxd4 10. Nxd4 h6 11. Be3 Re8 12. Qb3 Na5 13. Qc2 Bg4 14. Nf5 Rc8 15.
Bd4 Bc5 16. Bxc5 Rxc5 17. Ne3 Be6 18. Rad1 Qd7 19. Qd2 Nc4 20. Qd4 Nxe3 21.
Qxe3 b6 22. Rd4 Bh3 23. Qd3 Bxg2 24. Kxg2 Qc6 25. Rd1 Rc4 26. f3 Rxd4 27. Qxd4
Re7 28. g4 Qe6 29. Rd2 Rc7 30. b3 Qc6 31. Rd3 Re7 32. h4 Qe6 33. Qf4 Qc6 34.
Kf1 Rd7 35. Qd4 Qd6 36. g5 Nh5 37. Qxd5 Qh2 38. Qa8+ Kh7 39. Rxd7 Qh3+ 40. Ke1
Qxd7 41. Qe4+ g6 42. Nd5 Qd6 43. gxh6 Kxh6 44. Qd4 Kh7 45. b4 Qe6 46. a3 Ng3
47. Nf6+ Kh6 48. Ne4 1-0

[Event "10th Rector Cup"]
[Site "Kharkiv"]
[Date "2008.02.28"]
[Round "2"]
[White "Kharchenko, B."]
[Black "Harutjunyan, G."]
[Result "0-1"]
[WhiteElo "2440"]
[BlackElo "2423"]
[PlyCount "82"]
[EventDate "2008.02.27"]
[SourceDate "2008.02.27"]

1. e4 c6 2. Nc3 d5 3. Nf3 Bg4 4. h3 Bxf3 5. Qxf3 Nf6 6. d3 Na6 7. a3 e6 8. g4
Be7 9. g5 Nd7 10. h4 Qb6 11. Bh3 O-O-O 12. O-O Rhf8 13. b4 f5 14. exd5 cxd5 15.
Re1 Nc7 16. Bf4 Bd6 17. d4 Bxf4 18. Qxf4 Qc6 19. Nd1 h6 20. Bg2 hxg5 21. hxg5
Nb6 22. Nb2 Qd6 23. Qf3 Rh8 24. c4 Qh2+ 25. Kf1 Rh4 26. c5 Nd7 27. Rac1 Nf8 28.
Nd3 Ng6 29. Ne5 Nf4 30. Qg3 Rdh8 31. Nf3 Qxg2+ 32. Qxg2 Nxg2 33. Kxg2 Rg4+ 34.
Kf1 Nb5 35. Ke2 Rh3 36. Ne5 Re4+ 37. Kd2 Rxd4+ 38. Ke2 Nxa3 39. f3 Rh2+ 40. Ke3
Rxb4 41. Nd3 Rb3 0-1

[Event "10th Rector Cup"]
[Site "Kharkiv"]
[Date "2008.02.28"]
[Round "2"]
[White "Onischuk, V."]
[Black "Simonian, H."]
[Result "1-0"]
[WhiteElo "2474"]
[BlackElo "2435"]
[PlyCount "115"]
[EventDate "2008.02.27"]
[SourceDate "2008.02.27"]

1. e4 c5 2. Nf3 e6 3. Nc3 a6 4. d4 cxd4 5. Nxd4 b5 6. Bd3 Bc5 7. Be3 Qb6 8. Be2
Nc6 9. Nxc6 Bxe3 10. fxe3 dxc6 11. Qd4 Qxd4 12. exd4 e5 13. d5 Bb7 14. a4 b4
15. dxc6 Bxc6 16. Nd5 Bxd5 17. exd5 Kd7 18. d6 Kxd6 19. O-O-O+ Kc7 20. Rd5 Nf6
21. Rxe5 Rhe8 22. Rxe8 Nxe8 23. a5 Nd6 24. Rf1 Re8 25. Bxa6 Ra8 26. Bd3 Rxa5
27. Rf4 Ra1+ 28. Kd2 Rg1 29. Rg4 g6 30. Ke3 h5 31. Rg5 Kc6 32. Kd4 Rd1 33. b3
Rd2 34. h3 Rf2 35. Ke3 Rf6 36. Re5 h4 37. Ra5 Kb6 38. Rd5 Re6+ 39. Kf3 Rf6+ 40.
Ke3 Re6+ 41. Kf3 Rf6+ 42. Ke2 Re6+ 43. Kf1 f5 44. Rd4 Kc5 45. Rxh4 Re7 46. Kf2
Rg7 47. Rh8 Kd4 48. Rd8 Kc5 49. Kf3 g5 50. Rf8 f4 51. Kg4 Kd5 52. Rf6 Ke5 53.
Rh6 Ne8 54. Rg6 Nf6+ 55. Kxg5 Rxg6+ 56. Bxg6 Nd5 57. h4 Ne3 58. h5 1-0

[Event "10th Rector Cup"]
[Site "Kharkiv"]
[Date "2008.02.28"]
[Round "2"]
[White "Hadzimanolis, A."]
[Black "Kovchan, A."]
[Result "1-0"]
[WhiteElo "2329"]
[BlackElo "2515"]
[PlyCount "77"]
[EventDate "2008.02.27"]
[SourceDate "2008.02.27"]

1. Nf3 d5 2. d4 c6 3. c4 dxc4 4. e3 Be6 5. Nc3 Nf6 6. Ng5 Bg4 7. f3 Bh5 8. Bxc4
e6 9. Nh3 Bd6 10. e4 Bc7 11. Nf4 Bg6 12. Be3 b5 13. Bb3 a5 14. a4 b4 15. Nce2
Nh5 16. Nxg6 hxg6 17. e5 g5 18. Qd2 Nf4 19. Nxf4 gxf4 20. Bxf4 Bb6 21. O-O-O
Ra7 22. Bg5 Qc8 23. Kb1 Rd7 24. Qf4 Na6 25. Qe4 Qb7 26. Rc1 c5 27. Bc4 Qxe4+
28. fxe4 Nc7 29. d5 O-O 30. d6 Na8 31. Bb5 Ra7 32. Be7 Rb8 33. d7 f6 34. exf6
Kf7 35. e5 gxf6 36. Bxf6 Bd8 37. Rhf1 Kg8 38. Rc4 Bxf6 39. Rxf6 1-0

[Event "10th Rector Cup"]
[Site "Kharkiv"]
[Date "2008.02.29"]
[Round "3"]
[White "Kovchan, A."]
[Black "Firman, N."]
[Result "1/2-1/2"]
[WhiteElo "2515"]
[BlackElo "2501"]
[PlyCount "21"]
[EventDate "2008.02.27"]
[SourceDate "2008.02.27"]

1. c4 c5 2. Nc3 Nc6 3. g3 g6 4. Bg2 Bg7 5. e3 e5 6. Nge2 Nge7 7. O-O O-O 8. d3
d6 9. a3 Be6 10. Nd5 Rb8 11. Nec3 1/2-1/2

[Event "10th Rector Cup"]
[Site "Kharkiv"]
[Date "2008.02.29"]
[Round "3"]
[White "Simonian, H."]
[Black "Hadzimanolis, A."]
[Result "1-0"]
[WhiteElo "2435"]
[BlackElo "2329"]
[PlyCount "127"]
[EventDate "2008.02.27"]
[SourceDate "2008.02.27"]

1. e4 e5 2. Nf3 Nc6 3. Bb5 a6 4. Bxc6 dxc6 5. Nc3 f6 6. d4 exd4 7. Nxd4 c5 8.
Nde2 Qxd1+ 9. Nxd1 Be6 10. Ne3 O-O-O 11. b3 Bd6 12. Bb2 Ne7 13. O-O-O Rhe8 14.
f4 Bf7 15. e5 Ng6 16. Nf5 fxe5 17. Nxg7 Rg8 18. fxe5 Nxe5 19. Nf5 Rg5 20. Neg3
Ng4 21. h4 Rg6 22. Rhf1 Be6 23. h5 Rg5 24. Rde1 Bd5 25. Ne4 Rxh5 26. Nexd6+
cxd6 27. Ne7+ Kc7 28. Rf4 Nh6 29. g4 Nxg4 30. Nxd5+ Rxd5 31. Rxg4 Rd7 32. Rh4
h5 33. Re6 Rf7 34. Bc3 Rf1+ 35. Kb2 b5 36. a3 Kc6 37. Rh6 Rff5 38. Ba5 Rde5 39.
Rh2 c4 40. Bb4 Rd5 41. Re2 Rf1 42. Ree6 Rfd1 43. Re7 Rg5 44. Ree6 Rgd5 45. Ref6
R1d4 46. bxc4 bxc4 47. Kc3 Rd1 48. Kxc4 a5 49. Bc3 Rc5+ 50. Kb3 Rb1+ 51. Ka2
Rd1 52. Rf3 Kb5 53. Rg3 Kc4 54. Bb2 Rd2 55. Rc3+ Kb5 56. Rxc5+ dxc5 57. Kb1
Rd1+ 58. Bc1 Rh1 59. Kb2 h4 60. Be3 h3 61. Rh5 Kc6 62. Rxc5+ Kd6 63. Rxa5 Ke6
64. Rh5 1-0

[Event "10th Rector Cup"]
[Site "Kharkiv"]
[Date "2008.02.29"]
[Round "3"]
[White "Harutjunyan, G."]
[Black "Onischuk, V."]
[Result "1/2-1/2"]
[WhiteElo "2423"]
[BlackElo "2474"]
[PlyCount "68"]
[EventDate "2008.02.27"]
[SourceDate "2008.02.27"]

1. Nf3 Nf6 2. g3 g6 3. b3 Bg7 4. Bb2 O-O 5. Bg2 c5 6. c4 Nc6 7. O-O d6 8. d4
cxd4 9. Nxd4 Bd7 10. Nc3 a6 11. Rc1 Rc8 12. e3 Bg4 13. Qd2 Qd7 14. Na4 Rb8 15.
f3 Bh3 16. Nb6 Qd8 17. Nxc6 bxc6 18. Bxh3 Qxb6 19. c5 dxc5 20. Ba3 Rfd8 21. Qe1
Rd5 22. e4 c4+ 23. Kh1 Rh5 24. Bg2 cxb3 25. axb3 e6 26. Bd6 Rd8 27. e5 Rxd6 28.
exd6 Rd5 29. Rd1 Qc5 30. f4 Rxd6 31. b4 Rxd1 32. bxc5 Rxe1 33. Rxe1 Nd7 34. Rd1
Nxc5 1/2-1/2

[Event "10th Rector Cup"]
[Site "Kharkiv"]
[Date "2008.02.29"]
[Round "4"]
[White "Kharchenko, B."]
[Black "Aveskulov, V."]
[Result "1/2-1/2"]
[WhiteElo "2440"]
[BlackElo "2532"]
[PlyCount "110"]
[EventDate "2008.02.27"]
[SourceDate "2008.02.27"]

1. e4 c5 2. c3 d5 3. exd5 Qxd5 4. d4 Nf6 5. Nf3 Bg4 6. Be2 e6 7. O-O Nc6 8. h3
Bh5 9. Be3 cxd4 10. cxd4 Bb4 11. a3 Ba5 12. b4 Bb6 13. Nc3 Qd6 14. Nb5 Qd8 15.
Ne5 Bxe2 16. Qxe2 Ne7 17. a4 a6 18. a5 Bc7 19. Nxc7+ Qxc7 20. Rfc1 Qd8 21. b5
O-O 22. bxa6 Rxa6 23. Qb5 Qd5 24. Rcb1 Ra7 25. Qc5 Nc8 26. Rc1 h6 27. Bd2 Qxc5
28. dxc5 Nd5 29. c6 bxc6 30. Nxc6 Ra6 31. Rab1 Nd6 32. Ne5 Rfa8 33. Nd7 Kh7 34.
Rb8 Rxb8 35. Nxb8 Ra8 36. Nc6 Kg6 37. f3 Kf6 38. Kf2 g5 39. Bc3+ Nxc3 40. Rxc3
Ra6 41. Rc5 Nb7 42. Rb5 Rxc6 43. Rxb7 Rc2+ 44. Kg3 Ra2 45. Ra7 h5 46. h4 g4 47.
Ra8 gxf3 48. gxf3 e5 49. Ra6+ Kg7 50. Ra8 f5 51. a6 f4+ 52. Kh3 Rf2 53. Re8
Rxf3+ 54. Kg2 Ra3 55. Rxe5 Rxa6 1/2-1/2

[Event "10th Rector Cup"]
[Site "Kharkiv"]
[Date "2008.02.29"]
[Round "4"]
[White "Onischuk, V."]
[Black "Khakimov, T."]
[Result "1/2-1/2"]
[WhiteElo "2474"]
[BlackElo "2380"]
[PlyCount "118"]
[EventDate "2008.02.27"]
[SourceDate "2008.02.27"]

1. e4 e5 2. Nf3 Nf6 3. Nxe5 d6 4. Nf3 Nxe4 5. Qe2 Qe7 6. d3 Nf6 7. Bg5 Nbd7 8.
Nc3 Qxe2+ 9. Bxe2 c6 10. O-O-O h6 11. Bd2 Ne5 12. Nd4 Bd7 13. f4 Ng6 14. h3
O-O-O 15. g4 c5 16. Nf3 Bc6 17. Rhf1 Nd5 18. Nxd5 Bxd5 19. c4 Bc6 20. d4 cxd4
21. Nxd4 Be4 22. Nb5 a6 23. Nc3 Bc6 24. Bf3 h5 25. Nd5 Nh4 26. Be4 Kb8 27. f5
hxg4 28. hxg4 Re8 29. Rde1 b5 30. cxb5 axb5 31. Nc3 Bxe4 32. Rxe4 Rxe4 33. Nxe4
Be7 34. Kd1 Kb7 35. Rh1 f6 36. Ke2 Ng6 37. Rxh8 Nxh8 38. Bc3 Nf7 39. g5 d5 40.
gxf6 gxf6 41. Bxf6 Bxf6 42. Nxf6 Nd6 43. Nxd5 Nxf5 44. Kd3 Kc6 45. Nb4+ Kc5 46.
Kc3 Ne7 47. Nd3+ Kb6 48. Kd4 Nf5+ 49. Kc3 Ne3 50. b3 Ng4 51. Kd4 Nf6 52. Nb4
Nd7 53. Kd5 Nf6+ 54. Ke5 Ng4+ 55. Kd6 Nf2 56. Nd5+ Ka5 57. a3 Nd3 58. Kc6 b4
59. axb4+ Nxb4+ 1/2-1/2

[Event "10th Rector Cup"]
[Site "Kharkiv"]
[Date "2008.02.29"]
[Round "4"]
[White "Hadzimanolis, A."]
[Black "Harutjunyan, G."]
[Result "0-1"]
[WhiteElo "2329"]
[BlackElo "2423"]
[PlyCount "88"]
[EventDate "2008.02.27"]
[SourceDate "2008.02.27"]

1. e4 c6 2. d4 d5 3. exd5 cxd5 4. Bd3 Nc6 5. c3 Qc7 6. h3 e6 7. Nf3 Bd6 8. O-O
Nge7 9. Re1 Bd7 10. b4 Ng6 11. a4 Nce7 12. Bb2 O-O 13. Nbd2 a5 14. b5 Rad8 15.
Rc1 Qb8 16. Rc2 b6 17. Bf1 f6 18. c4 Rc8 19. Qc1 dxc4 20. Bxc4 Nf4 21. Bf1 Bb4
22. g3 Nfd5 23. Bd3 Nf5 24. Kg2 Qb7 25. Kh2 Rxc2 26. Qxc2 h5 27. Rg1 h4 28.
gxh4 Rc8 29. Qd1 Nf4 30. Ne4 Kf7 31. Bb1 Rh8 32. Rg4 Qb8 33. Ng3 Nh6 34. Ne5+
fxe5 35. dxe5 Nxg4+ 36. Qxg4 Nd5 37. Nh5 Qf8 38. Bg6+ Kg8 39. Nf6+ gxf6 40.
exf6 Bd6+ 41. Kg1 Nxf6 42. Qg5 e5 43. h5 Qg7 44. Qd2 Rxh5 0-1

[Event "10th Rector Cup"]
[Site "Kharkiv"]
[Date "2008.02.29"]
[Round "4"]
[White "Kovchan, A."]
[Black "Simonian, H."]
[Result "1-0"]
[WhiteElo "2515"]
[BlackElo "2435"]
[PlyCount "109"]
[EventDate "2008.02.27"]
[SourceDate "2008.02.27"]

1. e4 c5 2. Nf3 e6 3. d4 cxd4 4. Nxd4 a6 5. Bd3 Bc5 6. Nb3 Be7 7. Qg4 g6 8. Qe2
d6 9. a4 b6 10. Na3 Bb7 11. a5 b5 12. c4 bxc4 13. Nxc4 Nd7 14. O-O d5 15. exd5
Bxd5 16. Rd1 Ngf6 17. Bh6 Bf8 18. Be3 Be7 19. Nbd2 O-O 20. Nb6 Nxb6 21. axb6
Nd7 22. Bc4 Re8 23. Bxd5 exd5 24. b7 Rb8 25. Qxa6 Nc5 26. Qc6 Qd7 27. Qxd7 Nxd7
28. Nc4 Rxb7 29. Rxd5 Nf6 30. Rda5 Rc8 31. Ra8 Rxa8 32. Rxa8+ Kg7 33. Kf1 Nd5
34. Bd4+ Bf6 35. Nd6 Re7 36. Ne8+ Rxe8 37. Rxe8 Bxd4 38. Rd8 Ne3+ 39. fxe3 Bxb2
40. Rd7 h5 41. Ke2 Be5 42. h3 Kf6 43. Ra7 Ke6 44. Ra6+ Kf5 45. Kf3 h4 46. Ra5
f6 47. Rb5 Ke6 48. Rb4 Bg3 49. Rg4 g5 50. Rxg3 hxg3 51. Kxg3 Ke5 52. Kg4 Ke4
53. g3 Kxe3 54. Kf5 Kf3 55. g4 1-0

[Event "10th Rector Cup"]
[Site "Kharkiv"]
[Date "2008.03.01"]
[Round "5"]
[White "Simonian, H."]
[Black "Firman, N."]
[Result "1-0"]
[WhiteElo "2435"]
[BlackElo "2501"]
[PlyCount "71"]
[EventDate "2008.02.27"]
[SourceDate "2008.02.27"]

1. e4 c5 2. Nc3 b6 3. g3 Bb7 4. Bg2 e6 5. Nge2 Nc6 6. O-O Nf6 7. d4 cxd4 8.
Nxd4 Nxd4 9. Qxd4 Ba6 10. Rd1 Bc5 11. Qa4 Bb7 12. e5 Bxg2 13. Kxg2 Ng8 14. Qg4
g6 15. Nb5 a6 16. Nd6+ Bxd6 17. Rxd6 Qc7 18. Qf3 Rb8 19. Be3 f5 20. Qe2 Nf6 21.
Rad1 Nd5 22. c4 Nxe3+ 23. Qxe3 Rb7 24. Qg5 Rf8 25. R1d4 Qc5 26. Qh4 Qxe5 27.
Qxh7 Rf7 28. Qxg6 b5 29. cxb5 axb5 30. h4 Qg7 31. Rxe6+ dxe6 32. Qxe6+ Rfe7 33.
Qc8+ Kf7 34. Qxf5+ Ke8 35. Qc8+ Kf7 36. Rf4+ 1-0

[Event "10th Rector Cup"]
[Site "Kharkiv"]
[Date "2008.03.01"]
[Round "5"]
[White "Harutjunyan, G."]
[Black "Kovchan, A."]
[Result "1-0"]
[WhiteElo "2423"]
[BlackElo "2515"]
[PlyCount "57"]
[EventDate "2008.02.27"]
[SourceDate "2008.02.27"]

1. e4 c5 2. Nf3 g6 3. d4 Bg7 4. c3 cxd4 5. cxd4 d5 6. e5 Bg4 7. Bb5+ Nd7 8. Qb3
Bxf3 9. Qxf3 e6 10. Nd2 Ne7 11. Nb3 a6 12. Be2 Nc6 13. O-O O-O 14. Qg3 Qb6 15.
Rd1 a5 16. a4 f6 17. Qh3 Rae8 18. exf6 Nxf6 19. Bb5 h5 20. Be3 Ng4 21. Nc5 Re7
22. Qh4 Qc7 23. Rac1 e5 24. Bg5 Bf6 25. f3 Bxg5 26. Qxg5 Nf6 27. Nxb7 Re6 28.
Nc5 Re7 29. Na6 {time} 1-0

[Event "10th Rector Cup"]
[Site "Kharkiv"]
[Date "2008.03.01"]
[Round "5"]
[White "Khakimov, T."]
[Black "Hadzimanolis, A."]
[Result "1-0"]
[WhiteElo "2380"]
[BlackElo "2329"]
[PlyCount "115"]
[EventDate "2008.02.27"]
[SourceDate "2008.02.27"]

1. e4 e5 2. Nf3 d6 3. d4 Nf6 4. Nc3 Nbd7 5. Bc4 Be7 6. O-O O-O 7. Qe2 c6 8. a4
Qc7 9. Rd1 h6 10. h3 Re8 11. Bb3 Nf8 12. dxe5 dxe5 13. Nh4 Be6 14. Bxe6 Nxe6
15. Nf5 Bf8 16. Be3 Kh7 17. Qf3 Ng8 18. h4 g6 19. Ng3 Bg7 20. h5 Nd4 21. Bxd4
exd4 22. Nce2 Rad8 23. Nf4 Be5 24. Nd3 Nf6 25. Re1 Kg7 26. hxg6 fxg6 27. Nf1
Rf8 28. Nd2 h5 29. g3 Ng4 30. Qg2 Bf6 31. Nf3 Rf7 32. e5 Be7 33. Nf4 Qc8 34.
Rad1 c5 35. c3 g5 36. Nxh5+ Kg6 37. Nf6 dxc3 38. Rxd8 Bxd8 39. bxc3 Nxf6 40.
exf6 Bxf6 41. Ne5+ Bxe5 42. Rxe5 Qg4 43. Qd5 b6 44. Re6+ Kg7 45. Re8 Qf5 46.
Qd2 Rf8 47. Rxf8 Kxf8 48. Qd8+ Kf7 49. Qc7+ Kg6 50. Qxa7 Qb1+ 51. Kh2 Qb2 52.
Kg2 c4 53. Qa6 Qxc3 54. Qxb6+ Kf5 55. a5 Qd3 56. Qc5+ Ke4 57. Qc6+ Ke5 58. a6
1-0

[Event "10th Rector Cup"]
[Site "Kharkiv"]
[Date "2008.03.01"]
[Round "5"]
[White "Aveskulov, V."]
[Black "Onischuk, V."]
[Result "1/2-1/2"]
[WhiteElo "2532"]
[BlackElo "2474"]
[PlyCount "133"]
[EventDate "2008.02.27"]
[SourceDate "2008.02.27"]

1. e4 c5 2. Nf3 d6 3. d4 cxd4 4. Nxd4 Nf6 5. Nc3 a6 6. Be2 e5 7. Nb3 Be7 8. O-O
Be6 9. Bf3 O-O 10. a4 Nbd7 11. Re1 Qc7 12. Nd2 Rfc8 13. Nf1 Bf8 14. Ne3 g6 15.
Re2 Qc6 16. g4 h6 17. h4 Nc5 18. g5 hxg5 19. hxg5 Nfxe4 20. Nxe4 Nxe4 21. c4
Kg7 22. Bg2 Rab8 23. Re1 Rd8 24. Qe2 b5 25. axb5 axb5 26. Nf1 bxc4 27. Bxe4 d5
28. Bg2 Bd6 29. Qf3 Qc7 30. Ra6 Qe7 31. Ng3 e4 32. Qc3+ Kg8 33. Rd1 Rb3 34. Qf6
Qxf6 35. gxf6 Rd3 36. Re1 Be5 37. Ne2 Bxf6 38. Nf4 Rb3 39. Nxe6 fxe6 40. Rxe6
Kf7 41. Rc6 Bxb2 42. Bxb2 Rxb2 43. Rd1 Rbb8 44. Bh3 Ke7 45. Rc5 Rb3 46. Kg2 Rd3
47. Ra1 Kd6 48. Rb5 Ke5 49. Bg4 Rd2 50. Ra7 Rf8 51. Re7+ Kd4 52. Rxd5+ Kxd5 53.
Rd7+ Kc5 54. Rxd2 c3 55. Ra2 Kd4 56. Be2 Rc8 57. Bd1 e3 58. Re2 exf2 59. Kxf2
Rf8+ 60. Kg3 Kd3 61. Rh2 Ke3 62. Re2+ Kd3 63. Rh2 Ke3 64. Ra2 Rf1 65. Ba4 Rg1+
66. Kh2 Rb1 67. Bc2 1/2-1/2

[Event "10th Rector Cup"]
[Site "Kharkiv"]
[Date "2008.03.01"]
[Round "5"]
[White "Brodsky, M."]
[Black "Kharchenko, B."]
[Result "1/2-1/2"]
[WhiteElo "2572"]
[BlackElo "2440"]
[PlyCount "64"]
[EventDate "2008.02.27"]
[SourceDate "2008.02.27"]

1. d4 d5 2. c4 c6 3. Nc3 Nf6 4. Nf3 dxc4 5. a4 Bf5 6. Ne5 Nbd7 7. Nxc4 Qc7 8.
g3 e5 9. dxe5 Nxe5 10. Bf4 Nfd7 11. Bg2 f6 12. O-O Nc5 13. Ne3 Be6 14. b4 Rd8
15. Qc2 Na6 16. b5 Nb4 17. Qe4 Bc5 18. bxc6 bxc6 19. Rad1 O-O 20. Nc4 Rxd1 21.
Rxd1 Bd5 22. Nxd5 cxd5 23. Rxd5 Nxd5 24. Qxd5+ Kh8 25. Bxe5 fxe5 26. e3 Rd8 27.
Qe4 Bd4 28. Bf1 Bc3 29. Qc2 Be1 30. Qb1 Bc3 31. Qc2 Be1 32. Qb1 Bc3 1/2-1/2

[Event "10th Rector Cup"]
[Site "Kharkiv"]
[Date "2008.03.02"]
[Round "6"]
[White "Firman, N."]
[Black "Kharchenko, B."]
[Result "0-1"]
[WhiteElo "2501"]
[BlackElo "2440"]
[PlyCount "68"]
[EventDate "2008.02.27"]
[SourceDate "2008.02.27"]

1. e4 e5 2. Nf3 Nc6 3. Bb5 a6 4. Bxc6 dxc6 5. O-O Bg4 6. h3 h5 7. d3 Qf6 8.
Nbd2 g5 9. Nc4 Bxf3 10. Qxf3 Qxf3 11. gxf3 f6 12. h4 gxh4 13. f4 b5 14. Na5 Kd7
15. Be3 Nh6 16. f3 Rg8+ 17. Kf2 h3 18. Rg1 exf4 19. Bxf4 Bc5+ 20. Be3 Bxe3+ 21.
Kxe3 h4 22. Kf2 f5 23. Nb3 Raf8 24. Rxg8 Rxg8 25. Rg1 Ng4+ 26. fxg4 fxg4 27.
Rc1 g3+ 28. Kg1 Rf8 29. Nd4 Rf2 30. Nf5 h2+ 31. Kh1 g2+ 32. Kxh2 Rf1 33. Kxg2
Rxc1 34. Ne3 Re1 0-1

[Event "10th Rector Cup"]
[Site "Kharkiv"]
[Date "2008.03.02"]
[Round "6"]
[White "Onischuk, V."]
[Black "Brodsky, M."]
[Result "1/2-1/2"]
[WhiteElo "2474"]
[BlackElo "2572"]
[PlyCount "87"]
[EventDate "2008.02.27"]
[SourceDate "2008.02.27"]

1. e4 c5 2. Nf3 d6 3. d4 Nf6 4. Nc3 cxd4 5. Nxd4 a6 6. Be2 e5 7. Nb3 Be7 8. Bg5
Be6 9. Bxf6 Bxf6 10. Nd5 Bg5 11. h4 Be7 12. g3 Nd7 13. Qd2 Bxd5 14. Qxd5 Qb6
15. Bc4 O-O 16. Qd3 Nf6 17. Nd2 Qc5 18. Bb3 Rad8 19. Qf3 a5 20. a4 b5 21. O-O
Rb8 22. axb5 Rxb5 23. Ra4 Rb4 24. Rfa1 Bd8 25. Kg2 g6 26. Rxb4 Qxb4 27. Nc4 Kg7
28. Ra4 Qc5 29. Qe3 Nd7 30. Ra1 Bc7 31. h5 Qxe3 32. Nxe3 Rb8 33. hxg6 hxg6 34.
Ra2 Nc5 35. Bd5 Rb4 36. Nc4 Ra4 37. Rxa4 Nxa4 38. Bc6 Nc5 39. Kf3 Kf8 40. Ke3
Ke7 41. c3 a4 42. f3 f5 43. exf5 gxf5 44. Bd5 1/2-1/2

[Event "10th Rector Cup"]
[Site "Kharkiv"]
[Date "2008.03.02"]
[Round "6"]
[White "Hadzimanolis, A."]
[Black "Aveskulov, V."]
[Result "0-1"]
[WhiteElo "2329"]
[BlackElo "2532"]
[PlyCount "76"]
[EventDate "2008.02.27"]
[SourceDate "2008.02.27"]

1. e4 c5 2. c3 d5 3. exd5 Qxd5 4. d4 g6 5. Nf3 Bg7 6. Be3 cxd4 7. cxd4 Nf6 8.
Nc3 Qa5 9. Bc4 O-O 10. O-O Nbd7 11. Qd2 Nb6 12. Bb3 Qb4 13. Ne5 Bf5 14. f3 Rad8
15. Rad1 Ne8 16. Nd3 Bxd3 17. Qxd3 Nd6 18. Bf2 Ndc4 19. Qc2 Rc8 20. Rd3 Na5 21.
Re1 Rfd8 22. Re4 Nxb3 23. d5 Na1 24. Qb1 Nc4 25. Qxa1 Qxb2 26. Qe1 Nd6 27. Nd1
Qb1 28. Rb3 Qxa2 29. Reb4 Rc1 30. Rd3 Qa1 31. Bd4 Bxd4+ 32. Rbxd4 Nb5 33. Rf4
Nd6 34. h4 Rd7 35. Kh2 Rdc7 36. Qe2 R1c2 37. Qe3 h5 38. Nf2 Qc1 0-1

[Event "10th Rector Cup"]
[Site "Kharkiv"]
[Date "2008.03.02"]
[Round "6"]
[White "Kovchan, A."]
[Black "Khakimov, T."]
[Result "1-0"]
[WhiteElo "2515"]
[BlackElo "2380"]
[PlyCount "55"]
[EventDate "2008.02.27"]
[SourceDate "2008.02.27"]

1. e4 c6 2. d4 d5 3. e5 Bf5 4. Be3 Qb6 5. Qc1 Nd7 6. Nd2 e6 7. c4 Bb4 8. c5 Qc7
9. a3 Bxd2+ 10. Qxd2 b6 11. cxb6 axb6 12. Ne2 Ne7 13. Ng3 O-O 14. Be2 c5 15.
Rc1 c4 16. h4 f6 17. exf6 Nxf6 18. Bf4 Qc6 19. h5 Rf7 20. h6 Ne4 21. Nxe4 Bxe4
22. f3 Bg6 23. hxg7 Nf5 24. Be5 Nxg7 25. g4 b5 26. Kf2 Raf8 27. Kg2 Qd7 28. Rh6
1-0

[Event "10th Rector Cup"]
[Site "Kharkiv"]
[Date "2008.03.02"]
[Round "6"]
[White "Simonian, H."]
[Black "Harutjunyan, G."]
[Result "1/2-1/2"]
[WhiteElo "2435"]
[BlackElo "2423"]
[PlyCount "32"]
[EventDate "2008.02.27"]
[SourceDate "2008.02.27"]

1. e4 e5 2. Nf3 Nf6 3. d4 Nxe4 4. Bd3 d5 5. Nxe5 Nd7 6. Nxd7 Bxd7 7. c4 c6 8.
O-O Bd6 9. cxd5 cxd5 10. Nc3 Nxc3 11. bxc3 O-O 12. Qh5 g6 13. Qxd5 Qc7 14. c4
Be6 15. Qf3 Bxc4 16. Bh6 Rfd8 1/2-1/2

[Event "10th Rector Cup"]
[Site "Kharkiv"]
[Date "2008.03.02"]
[Round "7"]
[White "Harutjunyan, G."]
[Black "Firman, N."]
[Result "1/2-1/2"]
[WhiteElo "2423"]
[BlackElo "2501"]
[PlyCount "60"]
[EventDate "2008.02.27"]
[SourceDate "2008.02.27"]

1. e4 c5 2. Nf3 e6 3. b3 b6 4. d4 cxd4 5. Nxd4 Bb7 6. Bd3 Nf6 7. Qe2 e5 8. Nf3
d6 9. O-O Be7 10. Nbd2 O-O 11. Rd1 Nbd7 12. Nf1 Nc5 13. Ng3 Nxd3 14. cxd3 Re8
15. d4 exd4 16. Rxd4 Bf8 17. Bf4 Qc8 18. h3 d5 19. Rc1 Bc5 20. e5 Ne4 21. b4
Ba6 22. Qe1 Bxd4 23. Nxd4 Bc4 24. Ngf5 f6 25. exf6 Nxf6 26. Ne7+ Rxe7 27. Qxe7
Qf8 28. Qb7 Qc8 29. Qe7 Qf8 30. Qb7 Qc8 1/2-1/2

[Event "10th Rector Cup"]
[Site "Kharkiv"]
[Date "2008.03.02"]
[Round "7"]
[White "Khakimov, T."]
[Black "Simonian, H."]
[Result "0-1"]
[WhiteElo "2380"]
[BlackElo "2435"]
[PlyCount "56"]
[EventDate "2008.02.27"]
[SourceDate "2008.02.27"]

1. e4 c5 2. Nf3 e6 3. Nc3 a6 4. g3 b5 5. Bg2 Bb7 6. O-O b4 7. Na4 Bxe4 8. d4
cxd4 9. Qxd4 Nf6 10. c3 Nc6 11. Qd1 d5 12. Re1 Be7 13. Be3 O-O 14. Rc1 bxc3 15.
Nxc3 Bxf3 16. Bxf3 Ne5 17. Be2 Ned7 18. Na4 Bb4 19. Rf1 Qe7 20. Rc7 Rfb8 21.
Qc2 Bd6 22. Rc6 Ne5 23. Rxa6 Rxa6 24. Bxa6 d4 25. Bf4 Nf3+ 26. Kg2 Nh4+ 27.
gxh4 Bxf4 28. Qc5 Bd6 0-1